| 000 | 00822cam a22002533a 4500 | ||
|---|---|---|---|
| 001 | 22581 | ||
| 003 | PGUSA | ||
| 005 | 20140828083459.0 | ||
| 008 | 070912s2007||||xxu|||||s|||||000 | eng d | ||
| 040 |
_aPGUSA _beng |
||
| 042 | _adc | ||
| 050 | 4 | _aMT | |
| 100 | 1 |
_aHoward, Francis E. _q(Francis Edward), _d1858- |
|
| 245 | 1 | 4 |
_aThe Child-Voice in Singing : _bTreated from a physiological and a practical standpoint and especially adapted to schools and boy choirs _h[electronic resource] / _cFrancis E. Howard |
| 260 |
_bProject Gutenberg, _c2007 |
||
| 506 | _aPublic domain in the USA. | ||
| 516 | _aElectronic text | ||
| 653 | _aSinging | ||
| 653 | _aChoral singing -- Juvenile | ||
| 653 | _aVoice culture | ||
| 830 | 0 |
_aProject Gutenberg _v22581 |
|
| 856 | 4 | 0 | _uhttp://www.gutenberg.org/ebooks/22581 |
| 942 | _cEB | ||
| 999 |
_c251836 _d251836 |
||